000 00511nam a22001937a 4500
003 OSt
005 20140310182107.0
008 130824t xxu||||| |||| 00| 0 eng d
020 _a9780451208637
050 _aPQ 4315
_b.C5 2003
082 _aHS 851.1
_bAL4 2003
100 _aAlighieri, Dante
_913179
245 _aThe Divine comedy /
_cDante Alighieri.
260 _aNew York :
_bNew American Library,
_cc2003.
300 _a895 p. ;
_c23 cm.
650 _aLiterature.
_92409
942 _2lcc
999 _c9312
_d9312